000 00790nam a2200253Ia 4500
005 20220316235304.0
008 121119s2003 mx gr 000 0 spa
020 _a9682319005
041 0 _aspa
082 0 4 _a338.98
_bG14V
100 1 _aGaleano, Eduardo,
_d1940-
245 1 4 _aLas venas abiertas de América Latina
_cEduardo Galeano
250 _aSeptuagésima quinta edición
264 1 _aMéxico
_bSiglo XXI
_c2003
300 _a486 páginas
336 _atexto
_btxt
_2rdacontent
337 _asin mediación
_bn
_2rdamedia
338 _avolumen
_bnc
_2rdacarrier
490 0 _aHistoria inmediata
650 _2LEMB
_aHistoria
_xCivilización
_zAmérica Latina
650 _2LEMB
_aCondiciones sociales
_zAmérica Latina
942 _2ddc
_cBK
040 _aCO-BoRNBP
_bspa
_erda
_cCO-BoRNBP
999 _c503
_d503